Способы повышения устойчивости оснований автомобильных дорог учебное пособие
В учебном пособии приведена характеристика основных элементов автомобильных дорог, описаны способы устройства оснований, их классификация, рассмотрена нормативная база. Пособие предназначено для студентов, обучающихся по направлению подготовки 08.03.01, 08.04.01 «Строительство» (профиль «Автомобильн...
Сохранить в:
| Hovedforfatter: | |
|---|---|
| Format: | Книга |
| Fag: | |
| Online adgang: | Перейти к просмотру издания |
| Tags: |
Tilføj Tag
Ingen Tags, Vær først til at tagge denne postø!
|
| LEADER | 02447nam0a2200373 4500 | ||
|---|---|---|---|
| 001 | RU/IPR SMART/129331 | ||
| 856 | 4 | |u https://www.iprbookshop.ru/129331.html |z Перейти к просмотру издания | |
| 801 | 1 | |a RU |b IPR SMART |c 20250903 |g RCR | |
| 010 | |a 978-5-7795-0936-7 | ||
| 205 | |a Способы повышения устойчивости оснований автомобильных дорог |b Весь срок охраны авторского права | ||
| 333 | |a Весь срок охраны авторского права | ||
| 100 | |a 20250903d2021 k y0rusy01020304ca | ||
| 105 | |a y j 000zy | ||
| 101 | 0 | |a rus | |
| 102 | |a RU | ||
| 200 | 1 | |a Способы повышения устойчивости оснований автомобильных дорог |e учебное пособие |f А. Т. Пименов, Л. А. Барахтенова, К. С. Дьякова | |
| 700 | 1 | |a Пименов, |b А. Т. |4 070 | |
| 701 | 1 | |a Барахтенова, |b Л. А. |4 070 | |
| 701 | 1 | |a Дьякова, |b К. С. |4 070 | |
| 330 | |a В учебном пособии приведена характеристика основных элементов автомобильных дорог, описаны способы устройства оснований, их классификация, рассмотрена нормативная база. Пособие предназначено для студентов, обучающихся по направлению подготовки 08.03.01, 08.04.01 «Строительство» (профиль «Автомобильные дороги») всех форм обучения. | ||
| 210 | |a Новосибирск |c Новосибирский государственный архитектурно-строительный университет (Сибстрин), ЭБС АСВ |d 2021 | ||
| 610 | 1 | |a автомобильные дороги | |
| 610 | 1 | |a укрепление грунтов | |
| 610 | 1 | |a строительство дорог | |
| 610 | 1 | |a устройство оснований | |
| 675 | |a 625.7 | ||
| 686 | |a 38.74 |2 rubbk | ||
| 300 | |a Книга находится в премиум-версии IPR SMART. | ||
| 106 | |a s | ||
| 230 | |a Электрон. дан. (1 файл) | ||
| 336 | |a Текст | ||
| 337 | |a электронный | ||
| 503 | 0 | |a Доступна эл. версия. IPR SMART | |
| 215 | |a 81 с. | ||